Khilo. (Record no. 106710)
[ view plain ]
| 000 -LEADER | |
|---|---|
| fixed length control field | 00597nam a2200217Ia 4500 |
| 003 - CONTROL NUMBER IDENTIFIER | |
| control field | OSt |
| 005 - DATE AND TIME OF LATEST TRANSACTION | |
| control field | 20240530113930.0 |
| 008 - FIXED-LENGTH DATA ELEMENTS--GENERAL INFORMATION | |
| fixed length control field | 210210b2005 xxu||||| |||| 00| 0 eng d |
| 040 ## - CATALOGING SOURCE | |
| Transcribing agency | AL |
| 041 ## - LANGUAGE CODE | |
| Language code of text/sound track or separate title | Konkani |
| 082 ## - DEWEY DECIMAL CLASSIFICATION NUMBER | |
| Classification number | 891.46301 QUAK |
| 100 ## - MAIN ENTRY--PERSONAL NAME | |
| Personal name | Quadros (Valley) |
| Dates associated with a name | ವಲ್ಲಿ ಕ್ವಾಡ್ರಸ್ |
| 9 (RLIN) | 168276 |
| 245 ## - TITLE STATEMENT | |
| Title | Khilo. |
| Remainder of title | ಖಿಳೊ |
| 260 ## - PUBLICATION, DISTRIBUTION, ETC. | |
| Place of publication, distribution, etc. | Manglur |
| Name of publisher, distributor, etc. | Ashawadi Publication |
| Date of publication, distribution, etc. | 2005 |
| 300 ## - PHYSICAL DESCRIPTION | |
| Extent | 79 |
| 650 ## - SUBJECT ADDED ENTRY--TOPICAL TERM | |
| Topical term or geographic name entry element | Konkani short stories |
| 9 (RLIN) | 168277 |
| 690 ## - LOCAL SUBJECT ADDED ENTRY--TOPICAL TERM (OCLC, RLIN) | |
| Topical term or geographic name as entry element | Konkani Fiction |
| 9 (RLIN) | 168278 |
| 700 ## - ADDED ENTRY--PERSONAL NAME | |
| Personal name | KVADRAS (Valli). |
| 9 (RLIN) | 168279 |
| 906 ## - LOCAL DATA ELEMENT F, LDF (RLIN) | |
| a | 059701 |
| 942 ## - ADDED ENTRY ELEMENTS (KOHA) | |
| Source of classification or shelving scheme | Dewey Decimal Classification |
| Koha item type | Book |
| Withdrawn status | Lost status | Source of classification or shelving scheme | Damaged status | Not for loan | Collection code | Home library | Current library | Date acquired | Source of acquisition | Cost, normal purchase price | Total Checkouts | Full call number | Barcode | Date last seen | Price effective from | Koha item type |
|---|---|---|---|---|---|---|---|---|---|---|---|---|---|---|---|---|
| Dewey Decimal Classification | Konkani | St Aloysius Library | St Aloysius Library | 02/17/2021 | Akash Prakashan, Mangalore | 60.00 | 891.46301 QUAK | 059701 | 02/17/2021 | 02/17/2021 | Book |